01192 a2200193 4500001000700000020001800007040003200025100002000057245002900077250001300106260001300119300003400132362000900166490001600175520074600191650001100937650002600948650002400974125272 a9780590465960 cEscola Canadense de Niteroi aPeterson, John 10aThe Littles go exploring a1st. ed. aNew York a94 p.c5 x 0.25 x 7.75 inches0 a19780 aThe Littles aThe tenth book from this classic series is ready to grab the attention of a new generation! Fresh cover art brings an updated look to this timeless favorite. Years ago, Grandpa Little set off to explore and was never seen again and the mystery of his disappearance was never solved. But now, Lucy and Tom have stumbled across a secret room where Grandpa kept many papers and maps. And they think they can figure out the path he took into the wilderness the last time he set out on an expedition! The family packs up and heads upstream. Surprises await them around every bend -- huge turtles, river rapids, and a new family of tiny people! But when their odyssey is over, will the Littles know any more about what happened to Grandpa Little? 4aFamily 4aChildren's Literature 4aAction or Adventure